Основы компьютерного синтеза структур плоских шарнирных механизмов; Известия Томского политехнического университета [Известия ТПУ]; Т. 314, № 2: Математика и механика. Физика
| Parent link: | Известия Томского политехнического университета [Известия ТПУ]/ Томский политехнический университет (ТПУ).— , 2000- Т. 314, № 2: Математика и механика. Физика.— 2009.— [С. 40-43] |
|---|---|
| Glavni avtor: | |
| Izvleček: | Заглавие с титульного листа Электронная версия печатной публикации Описан принципиально новый подход к проблеме компьютерного синтеза структур механических систем, базирующийся на использовании универсальной структурной системы и объектно-ориентированной методологии формирования структурных схем плоских шарнирных механизмов. |
| Jezik: | ruščina |
| Izdano: |
2009
|
| Serija: | Математика и механика. Физика |
| Teme: | |
| Online dostop: | http://www.lib.tpu.ru/fulltext/v/Bulletin_TPU/2009/v314/i2/09.pdf |
| Format: | MixedMaterials Elektronski Book Chapter |
| KOHA link: | https://koha.lib.tpu.ru/cgi-bin/koha/opac-detail.pl?biblionumber=174299 |
MARC
| LEADER | 00000nla2a2200000 4500 | ||
|---|---|---|---|
| 001 | 174299 | ||
| 005 | 20231031164635.0 | ||
| 035 | |a (RuTPU)RU\TPU\book\189013 | ||
| 035 | |a RU\TPU\book\189011 | ||
| 090 | |a 174299 | ||
| 100 | |a 20100126d2009 k y0rusy50 ca | ||
| 101 | 0 | |a rus | |
| 102 | |a RU | ||
| 135 | |a drnn ---uucaa | ||
| 181 | 0 | |a i | |
| 182 | 0 | |a b | |
| 200 | 1 | |a Основы компьютерного синтеза структур плоских шарнирных механизмов |b Электронный ресурс |f А. В. Степанов | |
| 203 | |a Текст |c электронный | ||
| 215 | |a 1 файл (393 Кб) | ||
| 225 | 1 | |a Математика и механика. Физика | |
| 230 | |a Электронные текстовые данные (1 файл : 393 Кб) | ||
| 300 | |a Заглавие с титульного листа | ||
| 300 | |a Электронная версия печатной публикации | ||
| 320 | |a [Библиогр.: с. 43 (6 назв.)] | ||
| 330 | |a Описан принципиально новый подход к проблеме компьютерного синтеза структур механических систем, базирующийся на использовании универсальной структурной системы и объектно-ориентированной методологии формирования структурных схем плоских шарнирных механизмов. | ||
| 337 | |a Adobe Reader | ||
| 461 | 1 | |0 (RuTPU)RU\TPU\book\176237 |t Известия Томского политехнического университета [Известия ТПУ] |f Томский политехнический университет (ТПУ) |d 2000- | |
| 463 | 1 | |0 (RuTPU)RU\TPU\book\188988 |x 1684-8519 |t Т. 314, № 2: Математика и механика. Физика |v [С. 40-43] |d 2009 |p 187 с. | |
| 610 | 1 | |a компьютерный синтез | |
| 610 | 1 | |a структурные схемы | |
| 610 | 1 | |a объектно-ориентированные технологии | |
| 610 | 1 | |a виртуализация | |
| 610 | 1 | |a механизмы | |
| 610 | 1 | |a формальные символьные представления | |
| 610 | 1 | |a электронный ресурс | |
| 700 | 1 | |a Степанов |b А. В. | |
| 801 | 1 | |a RU |b 63413507 |c 20090623 |g PSBO | |
| 801 | 2 | |a RU |b 63413507 |c 20211210 |g PSBO | |
| 856 | 4 | |u http://www.lib.tpu.ru/fulltext/v/Bulletin_TPU/2009/v314/i2/09.pdf | |
| 942 | |c CF | ||